000
00329cam a2200133ua 4500
041
_a
eng
_h
082
_a
823.308
_b
NOR/BOR
100
_a
Norten mary, .
245
0
0
_a
Borrowers Alfred /
_c
Mary,Norten.
_h
Textual Documents
260
_a
:
_b
Dent prnnant books ,
_c
1960.
300
_a
193 ; .
504
_a
999
_c
11975
_d
11975